000
00305 a2200109 4500
001
ART_6369
005
20260410161619.0
008
260409a
245
1
0
_a
La actuación del contador como perito
100
1
_a
Rodríguez, Raquel E.
773
0
_t
Enfoques
_g
- Nº 2 (feb. 2009)
_w
REV416
999
_c
11398
_d
11398